00586nam a22002177a 450000500170000001000130001702000220003003500130005203700160006504000120008108200170009310000220011024500550013224600060018726000390019327000520023230000200028450000200030465000220032465000220034620170124105916.0 aB-031241 c00.00a8187317787 aB-031241 bCen Lib/Ret aDPLbEN a005.754bFER aFrenandes, Ashwin aData management technology /cby Ashwin frenandes  b  bRajat Publications c2000a Delhi  b Delhia4837/24, Ansari road, Daryaganje110002 a271p.c22cm(Hb) aIncludes index  aComputer science  aData management